00561nam a2200157 a 450000100100000000500170001000800410002704000250006808200150009310000340010824500560014226000550019830000200025395201130027399900170038600004552720201002052310.0150414s2002 dr 000 p spa d aDO-SdBNPbspacBNPHU axxxxbxxxx1 aAcosta Espinosa, David95454710aPasión por tus labíos /cDavid Acosta Espinosa. aSanto Domingo :bImpresos Digitales Acosta,c2002. a59 p. ;c14 cm. 0010718PDaPDbPDcCTd2015-04-14iLF1l0oxxxx xxxxp45527-10r2020-06-25w2020-06-25yLFPDZNo se presta c45016d45016